Estudio de la naturaleza : (Record no. 208193)

MARC details
000 -CABECERA
campo de control de longitud fija 00925nam a2200241 a 4500
003 - IDENTIFICADOR DEL NÚMERO DE CONTROL
campo de control MX-MxUPN
005 - FECHA Y HORA DE LA ÚLTIMA TRANSACCIÓN
campo de control 20230525063729.0
008 - ELEMENTOS DE LONGITUD FIJA--INFORMACIÓN GENERAL
campo de control de longitud fija 220302s1950 mx a|||| |||| 000 0 spa d
040 ## - FUENTE DE LA CATALOGACIÓN
Centro catalogador/agencia de origen MX-MxUPN
Lengua de catalogación spa
Centro/agencia transcriptor MX-MxUPN
041 0# - CÓDIGO DE IDIOMA
Código de lengua del texto/banda sonora o título independiente spa
049 ## - COLECCIÓN
Colección LT
050 #4 - SIGNATURA TOPOGRÁFICA DE LA BIBLIOTECA DEL CONGRESO
Número de clasificación LB1585 M6.5
Número de documento/Ítem M6.4
100 1# - ASIENTO PRINCIPAL--NOMBRE PERSONAL
Nombre de persona Motts, Irene Elena
9 (RLIN) 29530
245 10 - MENCIÓN DE TÍTULO
Título Estudio de la naturaleza :
Resto del título academias para uso del quinto grado de enseñanza primaria /
Mención de responsabilidad, etc. Irene Elena Motts, Imelda Calderón.
250 ## - MENCIÓN DE EDICIÓN
Mención de edición Tercera edición.
260 ## - PUBLICACIÓN, DISTRIBUCIÓN, ETC.
Lugar de publicación, distribución, etc. México, D.F. :
Nombre del editor, distribuidor, etc. Imprenta Aldina,
Fecha de publicación, distribución, etc. 1950.
300 ## - DESCRIPCIÓN FÍSICA
Extensión 93 páginas :
Otras características físicas ilustraciones.
500 ## - NOTA GENERAL
Nota general "Estas academias son complemento del libro Estudio de la naturaleza correspondiente al mismo año"--portada.
650 #4 - ASIENTO SECUNDARIO DE MATERIA - TERMINO TEMATICO
Término de materia o nombre geográfico como elemento de entrada Ciencias naturales
Subdivisión general Estudio y enseñanza (Elemental)
9 (RLIN) 2812
650 #4 - ASIENTO SECUNDARIO DE MATERIA - TERMINO TEMATICO
Término de materia o nombre geográfico como elemento de entrada Ciencias naturales
Subdivisión de forma Libros de texto
9 (RLIN) 10151
700 1# - ASIENTO SECUNDARIO--NOMBRE DE PERSONAL
Nombre de persona Calderón, Imelda
9 (RLIN) 43866
Término indicativo de función/relación coaut.
905 ## - TIPO DE MATERIAL
Tipo de material Libro
Holdings
Estado de retiro Estado de pérdida Fuente del sistema de clasificación o colocación Estado dañado No para préstamo Código de colección Localización permanente Ubicación/localización actual Ubicación en estantería Fecha de adquisición Clasificación Código de barras Fecha visto por última vez Precio válido a partir de Tipo de ítem Koha Número de copia
    Library of Congress Classification   Disponible (Préstamo en sala) Libros de texto Bib. Gregorio Torres Quintero Bib. Gregorio Torres Quintero Colecciones especiales Planta alta 02/03/2022 LB1585 M6.5 M6.4 49484 02/03/2022 02/03/2022 Libro  
    Library of Congress Classification   Disponible (Préstamo en sala) Libros de texto Bib. Gregorio Torres Quintero Bib. Gregorio Torres Quintero Colecciones especiales Planta alta 02/03/2022 LB1585 M6.5 M6.4 49485 02/03/2022 02/03/2022 Libro Ej. 2